Statistics for Mystery Movie Monologue #14

Click here to take the quiz!

General Stats

  • This quiz has been taken 98 times
  • The average score is 89 of 147

Answer Stats

Answer% Correct
I
99%
I'll
99%
I'm
99%
I'm
97%
the
93%
you.
92%
you
92%
You
92%
you're
92%
You're
92%
an
86%
to
85%
me?
79%
me.
79%
me
79%
No...
79%
no
79%
do
78%
Do
78%
Don't
78%
and
76%
And
76%
can't
75%
go
75%
go.
75%
go,
75%
it.
75%
It
75%
what
72%
in
71%
on
71%
that
69%
so
67%
Not
65%
of
64%
my
63%
your
61%
this
60%
this...
60%
will
58%
how
56%
Never
56%
never
56%
going
54%
was
54%
ever
50%
get
50%
here...
50%
understand
50%
up.
50%
up...
50%
give
49%
them
49%
let
47%
out
46%
thing
43%
now,
42%
make
40%
best
39%
feel
39%
happened
39%
listen
39%
must
39%
say
39%
matter
38%
promise.
38%
promise
38%
body.
36%
old
36%
bed.
35%
cold.
35%
die
35%
Jack.
35%
Rose.
35%
Rose,
35%
brought
33%
goodbyes,
33%
grow
33%
happens...
33%
night.
33%
blub...
32%
blub
32%
Blub
32%
honor...
32%
lady,
32%
survive...
32%
ticket
32%
Winning
32%
babies
31%
hopeless...
31%
thankful,
31%
thankful.
31%
warm
31%
watch
31%

Score Distribution

Percentile by Number Answered

Percent of People with Each Score

Your Score History

You have not taken this quiz